[Event "AUTO-OPEN-1089"]
[Site "http://www.queenalice.com/game.php?id=386063"]
[Date "2008.4.11"]
[Round "1"]
[White "rsgaspar"]
[Black "nicolas91"]
[Result "0-1"]
[WhiteElo "1810"]
[BlackElo "1993"]

1. e4 d6 2. Nf3 Nf6 3. Nc3 g6 4. Bc4 Bg7 5. d3 O-O 6. h3 c5 7. Be3 Nc6 8. a3 e6
9. Qd2 a6 10. Bh6 b5 11. Bb3 Nd7 12. Nd1 Nde5 13. Nxe5 Nxe5 14. O-O Bb7 15. Bxg7
Kxg7 16. f4 Nc6 17. c4 Nd4 18. Ba2 Qc7 19. Ne3 Rad8 20. Nc2 Nxc2 21. Qxc2 Kg8
22. b3 Qb6 23. Qf2 b4 24. Bb1 bxa3 25. Rxa3 Qb4 26. Qb2 f5 27. Ra4 Qb6 28. Bc2
Bc6 29. Ra3 Qb7 30. Rfa1 Ra8 31. exf5 exf5 32. Bd1 Rfe8 33. Qd4 cxd4 0-1

[Event "Challenge"]
[Site "http://www.queenalice.com/game.php?id=386327"]
[Date "2008.4.12"]
[Round "-"]
[White "Cleide"]
[Black "nicolas91"]
[Result "0-1"]
[WhiteElo "1065"]
[BlackElo "1500"]

1. e4 c5 2. Bc4 d6 3. a4 Nc6 4. Nf3 Bg4 5. h3 Bh5 6. g4 Bg6 7. d3 e6 8. Nh4 Qxh4
9. Qf3 Nd4 10. Qd1 Qd8 11. c3 Nc6 12. Na3 Be7 13. O-O a6 14. f4 h6 15. f5 exf5
16. gxf5 Bh7 17. Qg4 Bg5 18. Re1 Bxc1 19. Raxc1 Qg5 20. b4 Qxg4+ 21. hxg4 cxb4
22. cxb4 Nxb4 23. d4 b5 24. axb5 axb5 25. Nxb5 Ke7 26. e5 d5 27. Bb3 Nd3 28.
Rc7+ Kd8 29. Bxd5 Rb8 30. Rb1 Rxb5 31. Rxb5 Kxc7 32. Rb7+ Kc8 33. Rxf7 g5 34. e6
Kd8 35. Rf8+ Ke7 36. Rf7+ Kd8 37. e7+ Nxe7 38. Be4 Nf4 39. Rf6 Bg8 40. Kf2 Bd5
41. Kf3 Bxe4+ 42. Kxe4 Ned5 43. Rd6+ Kc7 44. Ke5 Re8+ 45. Re6 Nxe6 46. fxe6 Nf4
47. d5 Kd8 48. Kd6 Ng6 49. Kc5 Ne5 50. Kd4 Nxg4 51. Ke4 Nf6+ 52. Ke5 Nxd5 53.
Kxd5 Ke7 54. Ke5 Rf8 55. Kd5 Rf5+ 0-1

[Event "AUTO-OPEN-1090"]
[Site "http://www.queenalice.com/game.php?id=386394"]
[Date "2008.4.12"]
[Round "1"]
[White "mielke57"]
[Black "nicolas91"]
[Result "0-1"]
[WhiteElo "1404"]
[BlackElo "1674"]

1. e4 d6 2. d4 Nf6 3. Bb5+ c6 4. Ba4 Nxe4 5. Nh3 Bxh3 6. gxh3 e6 7. Be3 Qh4 8.
Na3 Qxh3 9. d5 b5 10. Bb3 b4 11. Nc4 exd5 12. Na5 Nf6 13. Ba4 Qc8 14. Qd2 Be7
15. Qxb4 O-O 16. O-O-O c5 17. Qh4 Qc7 18. Bd2 Ne4 19. Qh3 Nxd2 20. Rxd2 Qxa5 21.
Bb3 c4 22. Rg1 cxb3 23. Qg3 Bf6 24. Rd3 bxa2 25. c3 a1=Q+ 26. Kc2 Q5a4+ 27. Kd2
Qxb2+ 28. Ke3 Qe4# 0-1

[Event "AUTO-OPEN-1090"]
[Site "http://www.queenalice.com/game.php?id=386395"]
[Date "2008.4.12"]
[Round "1"]
[White "nicolas91"]
[Black "mielke57"]
[Result "1-0"]
[WhiteElo "1772"]
[BlackElo "1395"]

1. e4 e5 2. Nf3 d6 3. d4 Nf6 4. dxe5 Nxe4 5. Qd5 Nf6 6. exf6 Qxf6 7. Qd4 Qe6+ 8.
Qe3 Be7 9. Qxe6 Bxe6 10. Bg5 f6 11. Be3 O-O 12. Nbd2 f5 13. Bf4 Nc6 14. a3 Bf6
15. O-O-O b5 16. Bg5 b4 17. Bxf6 gxf6 18. Bc4 d5 19. Bb3 bxa3 20. bxa3 Rab8 21.
Rhe1 Nd8 22. Nd4 Bd7 23. Bxd5+ Kh8 24. Re7 Ba4 25. N2b3 f4 26. Rd3 Rg8 27. Bxg8
1-0

[Event "AUTO-OPEN-1090"]
[Site "http://www.queenalice.com/game.php?id=386422"]
[Date "2008.4.12"]
[Round "1"]
[White "nicolas91"]
[Black "Nemer"]
[Result "1-0"]
[WhiteElo "1707"]
[BlackElo "1488"]

1. e4 e5 2. Nf3 Nc6 3. Bb5 a6 4. Bxc6 bxc6 5. O-O Nf6 6. Nxe5 Qe7 7. Nf3 Nxe4 8.
Re1 Qb4 9. d3 d5 10. dxe4 dxe4 11. Qd4 Qxd4 12. Nxd4 c5 13. Rxe4+ Kd7 14. Nf3
Bb7 15. Re3 Re8 16. Rxe8 Kxe8 17. Bf4 c6 18. Nbd2 Be7 19. Re1 Bc8 20. Bd6 Kd7
21. Bxe7 Re8 22. Bxc5 Rg8 23. Ne5+ Kc7 24. Nxf7 g5 25. Re7+ Kb8 26. Nc4 Be6 27.
Ba7+ 1-0

[Event "AUTO-OPEN-1090"]
[Site "http://www.queenalice.com/game.php?id=386423"]
[Date "2008.4.12"]
[Round "1"]
[White "Nemer"]
[Black "nicolas91"]
[Result "0-1"]
[WhiteElo "1601"]
[BlackElo "1815"]

1. e4 c5 2. c3 Nf6 3. d3 d6 4. d4 Nxe4 5. Qf3 Nf6 6. Bc4 cxd4 7. cxd4 d5 8. Bb3
Nc6 9. Ne2 Bg4 10. Qe3 Bxe2 11. Qxe2 Nxd4 12. Ba4+ Nc6 13. O-O e6 14. Bg5 Be7
15. Nc3 O-O 16. Rad1 h6 17. Bh4 Nd7 18. Bxe7 Nxe7 19. Rd3 Nb6 20. Bc2 Rc8 21.
Rg3 Qc7 22. Qg4 g6 23. h4 h5 24. Qd4 e5 25. Qd2 d4 26. Ne4 Qxc2 27. Qh6 Qxe4 28.
Qg5 Nf5 29. Re1 Qxe1+ 30. Kh2 Rc1 0-1

[Event "AUTO-OPEN-1090"]
[Site "http://www.queenalice.com/game.php?id=386424"]
[Date "2008.4.12"]
[Round "1"]
[White "nicolas91"]
[Black "oentusiasta"]
[Result "1-0"]
[WhiteElo "1500"]
[BlackElo "1622"]

1. e4 c5 2. Nf3 d6 3. d4 Nc6 4. dxc5 dxc5 5. Qxd8+ Nxd8 6. Bb5+ Bd7 7. Bxd7+
Kxd7 8. Ne5+ Ke8 9. Be3 e6 10. Nc3 Bd6 11. Nc4 Bc7 12. Bxc5 Nf6 13. f3 b6 14.
Bd4 Nc6 15. Bxf6 gxf6 16. O-O-O Bf4+ 17. Kb1 Rd8 18. Rxd8+ Nxd8 19. g3 Bg5 20.
f4 Bh6 21. Nb5 Nc6 22. Rd1 Ke7 23. Ne3 Rd8 24. Rxd8 Nxd8 25. Nxa7 Kd7 26. Nb5
Nc6 27. Nc4 e5 28. Nxb6+ Ke6 29. f5+ Ke7 30. Nc4 Nd4 31. Nc3 Nf3 32. h4 Nd2+ 33.
Nxd2 Bxd2 34. Ne2 Kd6 35. c3 Kc5 36. Kc2 Be1 37. h5 Bf2 38. Kd3 Kd6 39. Kc4 Be3
40. b4 Kc6 41. a4 Bf2 42. a5 1-0

[Event "AUTO-OPEN-1090"]
[Site "http://www.queenalice.com/game.php?id=386425"]
[Date "2008.4.12"]
[Round "1"]
[White "oentusiasta"]
[Black "nicolas91"]
[Result "0-1"]
[WhiteElo "1591"]
[BlackElo "1993"]

1. e4 d6 2. d4 Nf6 3. Nc3 g6 4. Nf3 Bg7 5. Bb5+ c6 6. Bd3 O-O 7. O-O Qc7 8. Bf4
Re8 9. e5 Nh5 10. Bg5 dxe5 11. dxe5 Bxe5 12. Nxe5 Qxe5 13. Ne4 Bf5 14. f4 Qd4+
15. Kh1 Bxe4 16. Qe2 Bxd3 17. cxd3 Ng7 18. f5 Nxf5 19. Qf3 Nd7 20. Qe4 Nc5 21.
Qxd4 Nxd4 22. Be3 Nce6 0-1

[Event "AUTO-ADV-922"]
[Site "http://www.queenalice.com/game.php?id=409063"]
[Date "2008.5.27"]
[Round "1"]
[White "jpzenitram"]
[Black "nicolas91"]
[Result "0-1"]
[WhiteElo "1851"]
[BlackElo "1935"]

1. e4 c5 2. Nc3 d6 3. Bc4 e6 4. Nf3 Nf6 5. a3 Nc6 6. d3 g6 7. Bg5 Bg7 8. Qd2 O-O
9. h3 a6 10. Ne2 Qc7 11. Ng3 b5 12. Bb3 Bb7 13. h4 Ng4 14. c3 h6 15. Bf4 e5 16.
Be3 c4 17. dxc4 Na5 18. cxb5 Nxb3 19. Qc1 Nxc1 0-1

[Event "AUTO-ADV-922"]
[Site "http://www.queenalice.com/game.php?id=409064"]
[Date "2008.5.27"]
[Round "1"]
[White "nicolas91"]
[Black "jpzenitram"]
[Result "1-0"]
[WhiteElo "2012"]
[BlackElo "1872"]

1. e4 d6 2. d4 Nf6 3. Nc3 g6 4. f4 Bg7 5. Nf3 O-O 6. Bd3 c5 7. dxc5 dxc5 8. e5
Nd5 9. Bd2 Be6 10. Ng5 Nxc3 11. Bxc3 c4 12. Nxe6 fxe6 13. Bxc4 Qb6 14. Rf1 Qe3+
15. Qe2 Qxe2+ 16. Kxe2 Nc6 17. Bxe6+ Kh8 18. Rad1 Rad8 19. Rxd8 Rxd8 20. Rd1
Rxd1 21. Kxd1 Nd8 22. Bd5 b6 23. Kd2 e6 24. Bc4 Kg8 25. Bb4 Kf7 26. Bd6 Nc6 27.
c3 Na5 28. Bb5 Bf8 29. Bxf8 Kxf8 30. c4 Ke7 31. b4 Nb7 32. Kd3 h6 33. Kd4 a5 34.
c5 axb4 35. c6 Kd8 36. cxb7 Kc7 37. Bd7 Kxb7 38. Bxe6 Kc6 39. Kc4 1-0

[Event "AUTO-ADV-922"]
[Site "http://www.queenalice.com/game.php?id=409079"]
[Date "2008.5.27"]
[Round "1"]
[White "nicolas91"]
[Black "juim"]
[Result "1-0"]
[WhiteElo "2027"]
[BlackElo "1688"]

1. e4 e5 2. Nf3 d6 3. d4 exd4 4. Nxd4 Nf6 5. Nc3 Bg4 6. f3 Be6 7. Be3 Bd7 8. Bc4
Nc6 9. Qd2 Be7 10. O-O-O d5 11. Nxd5 Nxd5 12. Bxd5 O-O 13. Nxc6 Bxc6 14. Bxc6
Qxd2+ 15. Rxd2 bxc6 16. Rhd1 Rac8 17. Kb1 a5 18. Bf4 h6 19. Rd7 Bc5 20. Rxc7 Bb6
21. Rb7 Bd8 22. Rdd7 Ra8 23. Bd6 Re8 24. Rxf7 Bf6 25. e5 Bxe5 26. Bxe5 Rxe5 27.
Rxg7+ Kf8 28. b3 a4 29. Rh7 Re1+ 30. Kb2 a3+ 31. Kc3 Kg8 32. Rxh6 Re3+ 33. Kd2
Re5 34. Rxc6 Rd8+ 35. Kc3 Re3+ 36. Kb4 Rd4+ 37. Kxa3 Rd8 38. Rcc7 Re6 39. Rg7+
Kf8 40. Rh7 Kg8 41. Rbg7+ Kf8 42. Rd7 Rxd7 43. Rxd7 Re2 44. g4 Rxc2 45. h4 Rf2
46. Rd3 Kf7 47. b4 Kf6 48. b5 Re2 49. b6 Re8 50. b7 Rg8 51. Ka4 Ke6 52. Ka5 1-0

[Event "AUTO-ADV-922"]
[Site "http://www.queenalice.com/game.php?id=409080"]
[Date "2008.5.27"]
[Round "1"]
[White "juim"]
[Black "nicolas91"]
[Result "0-1"]
[WhiteElo "1687"]
[BlackElo "2007"]

1. e4 c5 2. Bd3 d6 3. Nf3 g6 4. O-O Bg7 5. Nc3 a6 6. Bc4 e6 7. d3 Ne7 8. Nh4
Nec6 9. g3 Na5 10. a3 O-O 11. b4 Bxc3 12. Rb1 Nxc4 13. dxc4 Bf6 14. Bh6 Bg7 15.
Bf4 e5 16. Be3 cxb4 17. Rxb4 Nc6 18. Bb6 Qe7 19. Rb3 Be6 20. Rc3 Rac8 21. Qe2
Nd4 22. Qd1 Bxc4 23. Re1 Ne2+ 24. Rxe2 Bxe2 25. Qd2 Rxc3 26. Qxc3 Qd7 27. f3 Qb5
28. Qe3 Qb1+ 29. Kg2 Qf1# 0-1

[Event "AUTO-ADV-922"]
[Site "http://www.queenalice.com/game.php?id=409081"]
[Date "2008.5.27"]
[Round "1"]
[White "nicolas91"]
[Black "Rutty"]
[Result "1-0"]
[WhiteElo "1962"]
[BlackElo "1964"]

1. e4 e5 2. Nf3 Nc6 3. Bb5 Bc5 4. O-O d6 5. d4 exd4 6. Nxd4 Bd7 7. Nxc6 bxc6 8.
Bc4 Ne7 9. Nc3 h6 10. Qf3 Be6 11. Bxe6 fxe6 12. Qg4 Qd7 13. Qxg7 O-O-O 14. Na4
Rdg8 15. Nxc5 Rxg7 16. Nxd7 Kxd7 17. Be3 a6 18. Rad1 h5 19. Bd4 Rhg8 20. Bxg7
Rxg7 21. f4 d5 22. Rd3 c5 23. c4 d4 24. Ra3 Nc6 25. Rxa6 Nb4 26. Ra8 Nc2 27. Rf2
Ne3 28. b3 Nd1 29. Rd2 Nc3 30. e5 Rg4 31. g3 h4 32. Rd3 hxg3 33. hxg3 Ne4 34.
Kg2 Rg6 35. a4 Kc6 36. Rb8 Rh6 37. a5 1-0

[Event "AUTO-ADV-922"]
[Site "http://www.queenalice.com/game.php?id=409082"]
[Date "2008.5.27"]
[Round "1"]
[White "Rutty"]
[Black "nicolas91"]
[Result "0-1"]
[WhiteElo "1897"]
[BlackElo "1899"]

1. e4 c5 2. Nf3 d6 3. Bc4 e6 4. O-O Nf6 5. c3 Nxe4 6. Bxe6 Bxe6 7. Qa4+ Qd7 8.
Qxe4 d5 9. Qe2 Nc6 10. d3 Bd6 11. h3 O-O 12. Be3 Rfe8 13. Qc2 d4 14. cxd4 cxd4
15. Nxd4 Nxd4 16. Bxd4 Bxh3 17. gxh3 Qxh3 18. f4 Re6 19. f5 Qg4+ 20. Qg2 Qxd4+
21. Rf2 Re1+ 0-1

[Event "AUTO-OPEN-1089"]
[Site "http://www.queenalice.com/game.php?id=443268"]
[Date "2008.8.3"]
[Round "2"]
[White "Nerangelo"]
[Black "nicolas91"]
[Result "1-0"]
[WhiteElo "2243"]
[BlackElo "2007"]

1. d4 Nf6 2. c4 g6 3. Nc3 d5 4. Nf3 Bg7 5. cxd5 Nxd5 6. Qb3 Nxc3 7. bxc3 O-O 8.
e3 b6 9. Be2 Bb7 10. O-O Nd7 11. Ba3 Re8 12. e4 e6 13. e5 Qc8 14. Rfd1 c5 15.
Rac1 Qb8 16. Ne1 cxd4 17. cxd4 Bd5 18. Qh3 Qb7 19. Nc2 1-0

[Event "AUTO-OPEN-1089"]
[Site "http://www.queenalice.com/game.php?id=443269"]
[Date "2008.8.3"]
[Round "2"]
[White "nicolas91"]
[Black "Nerangelo"]
[Result "0-1"]
[WhiteElo "1948"]
[BlackElo "2248"]

1. e4 e6 2. b3 d5 3. Bb2 dxe4 4. Nc3 Nf6 5. Qe2 Bb4 6. O-O-O Qe7 7. Nxe4 Ba3 8.
Nxf6+ Qxf6 9. d4 Bxb2+ 10. Kxb2 c5 11. Qb5+ Nd7 12. Nf3 a6 13. Qd3 b5 14. Kb1
Bb7 15. Ne5 Rd8 16. Ng4 Qf4 17. f3 Ne5 18. Nxe5 Rxd4 19. Qe2 Rxd1+ 20. Qxd1 Qxe5
21. Bd3 O-O 0-1

[Event "AUTO-OPEN-1089"]
[Site "http://www.queenalice.com/game.php?id=443272"]
[Date "2008.8.3"]
[Round "2"]
[White "aknightout"]
[Black "nicolas91"]
[Result "1-0"]
[WhiteElo "2042"]
[BlackElo "1961"]

1. e4 d6 2. d3 c5 3. Nf3 Nc6 4. g3 g6 5. Bg2 Bg7 6. c3 e6 7. O-O Nf6 8. Nbd2 O-O
9. Re1 b6 10. e5 dxe5 11. Nxe5 Nxe5 12. Bxa8 Nxd3 13. Re2 Ba6 14. Bf3 Nxc1 15.
Rxc1 Bxe2 16. Qxe2 Qd7 17. b3 Rd8 18. Ne4 Nxe4 19. Bxe4 Qd2 20. Qxd2 1-0

[Event "AUTO-OPEN-1089"]
[Site "http://www.queenalice.com/game.php?id=443273"]
[Date "2008.8.3"]
[Round "2"]
[White "nicolas91"]
[Black "aknightout"]
[Result "0-1"]
[WhiteElo "1976"]
[BlackElo "2028"]

1. e4 e5 2. Nf3 d6 3. d4 exd4 4. Qxd4 Nc6 5. Bb5 Bd7 6. Bxc6 bxc6 7. Nc3 Qf6 8.
Bg5 Qxd4 9. Nxd4 h6 10. Bf4 Ne7 11. O-O Ng6 12. Bg3 Ne5 13. Bxe5 dxe5 14. Nb3
Be7 15. Rfd1 a5 16. Na4 f5 17. Nbc5 Bc8 18. exf5 Bxf5 19. Rd2 Kf7 20. Rad1 Rhd8
0-1

[Event "AUTO-ADV-922"]
[Site "http://www.queenalice.com/game.php?id=453504"]
[Date "2008.8.25"]
[Round "2"]
[White "Taura10"]
[Black "nicolas91"]
[Result "1-0"]
[WhiteElo "1907"]
[BlackElo "1944"]

1. d4 Nf6 2. c4 g6 3. Nf3 Bg7 4. g3 O-O 5. Bg2 c6 6. c5 d6 7. cxd6 exd6 8. O-O
d5 9. Nc3 Bf5 10. Nh4 Bc8 11. Bf4 Re8 12. Qd2 Ne4 13. Nxe4 dxe4 14. Rad1 Na6 15.
a3 Bf6 16. Bh6 Bxh4 17. gxh4 Qxh4 18. Qf4 Qxf4 19. Bxf4 Bg4 20. f3 exf3 21. exf3
Bf5 22. Be5 Rad8 23. f4 Bg4 24. Rd2 Nc5 25. d5 cxd5 26. Rxd5 Rxd5 27. Bxd5 b6
28. Kg2 Nd3 29. Bc3 Re2+ 30. Kg3 h5 31. Bc4 Re3+ 32. Kh4 1-0

[Event "AUTO-ADV-922"]
[Site "http://www.queenalice.com/game.php?id=453505"]
[Date "2008.8.25"]
[Round "2"]
[White "nicolas91"]
[Black "Taura10"]
[Result "0-1"]
[WhiteElo "2000"]
[BlackElo "1886"]

1. e4 c5 2. Nf3 e6 3. d4 cxd4 4. Nxd4 e5 5. Nb5 Nf6 6. Nd6+ Bxd6 7. Qxd6 Nc6 8.
Nc3 Qe7 9. Qxe7+ Kxe7 10. Bg5 Nb4 11. O-O-O h6 12. Bxf6+ Kxf6 13. a3 Nc6 14.
Nd5+ Kg6 15. Bc4 a6 16. Nb6 Ra7 17. Nxc8 Rxc8 18. Rxd7 b5 19. Bxf7+ Kf6 20. Rxa7
Nxa7 21. Bd5 a5 22. Rd1 Rd8 23. Bb7 Rxd1+ 24. Kxd1 b4 25. a4 Ke6 26. Kd2 Kd6 27.
Kd3 Kc5 28. b3 Kb6 29. Bd5 Kc5 30. c3 Nc8 31. h4 Ne7 32. Bf7 Nc6 33. cxb4+ Kxb4
34. Bd5 Nd4 35. f4 Nxb3 0-1

[Event "AUTO-ADV-922"]
[Site "http://www.queenalice.com/game.php?id=453508"]
[Date "2008.8.25"]
[Round "2"]
[White "nicolas91"]
[Black "LuizFernandes"]
[Result "0-1"]
[WhiteElo "2037"]
[BlackElo "1840"]

1. e4 d5 2. exd5 Qxd5 3. Nc3 Qa5 4. d4 c6 5. Bd2 Qc7 6. Bc4 Bf5 7. Qf3 Bg6 8. h4
e6 9. O-O-O Nf6 10. h5 Bf5 11. Rh4 Nbd7 12. g4 Bxg4 13. Rxg4 Nxg4 14. Qxg4 Nf6
15. Qf3 Be7 16. Nge2 O-O-O 0-1

[Event "AUTO-ADV-922"]
[Site "http://www.queenalice.com/game.php?id=453509"]
[Date "2008.8.25"]
[Round "2"]
[White "LuizFernandes"]
[Black "nicolas91"]
[Result "1-0"]
[WhiteElo "1968"]
[BlackElo "1927"]

1. e4 c5 2. Nf3 d6 3. Bc4 e6 4. d4 cxd4 5. Nxd4 Nf6 6. Nc3 a6 7. Bg5 Nbd7 8. O-O
b5 9. Bd3 Bb7 10. f3 Be7 11. Be3 Nb6 12. Kh1 O-O 13. Nce2 Rc8 14. c3 Nfd7 15.
Nc2 Nc4 16. Bxc4 Rxc4 17. Ng3 Nb6 18. Bxb6 Qxb6 19. Nd4 Bf6 20. Nge2 Rfc8 21.
Rc1 b4 22. Qb3 d5 23. exd5 Bxd5 24. Qd1 bxc3 25. bxc3 Bxd4 26. cxd4 Rxc1 27.
Nxc1 Qb2 28. Nb3 Rc2 29. Qb1 1-0

[Event "AUTO-OPEN-1090"]
[Site "http://www.queenalice.com/game.php?id=468310"]
[Date "2008.9.25"]
[Round "2"]
[White "nicolas91"]
[Black "Velasquez"]
[Result "0-1"]
[WhiteElo "1913"]
[BlackElo "1928"]

1. e4 e6 2. b3 d5 3. Bb2 dxe4 4. Nc3 Nf6 5. Qe2 Bb4 6. O-O-O a6 7. Nxe4 Be7 8.
Nf3 O-O 9. Nxf6+ Bxf6 10. Bxf6 Qxf6 11. Qe5 Qxe5 12. Nxe5 f6 13. Nf3 e5 14. Bc4+
Kh8 15. Rhe1 Bg4 16. Re3 Re8 17. Rde1 Rd8 18. Nh4 Nc6 0-1

[Event "AUTO-OPEN-1090"]
[Site "http://www.queenalice.com/game.php?id=468311"]
[Date "2008.9.25"]
[Round "2"]
[White "Velasquez"]
[Black "nicolas91"]
[Result "1-0"]
[WhiteElo "1943"]
[BlackElo "1898"]

1. e4 c5 2. Nc3 Nc6 3. f4 d6 4. Nf3 g6 5. g3 Bg7 6. Bg2 Bg4 7. O-O e6 8. d3 Nge7
9. h3 Bxf3 10. Bxf3 O-O 11. Be3 Nd4 12. Bxd4 Bxd4+ 13. Kh1 Rb8 14. Rb1 Bxc3 15.
bxc3 b5 16. g4 d5 17. f5 dxe4 18. Bxe4 Nd5 19. Qe1 Qg5 20. Rf3 1-0